Westside Nominees v Bolton MBC (Record no. 66672)
[ view plain ]
| 000 -LEADER | |
|---|---|
| fixed length control field | 00952cam a2200193 4500 |
| 001 - CONTROL NUMBER | |
| control field | X11873 |
| 008 - FIXED-LENGTH DATA ELEMENTS--GENERAL INFORMATION | |
| fixed length control field | 000000n2001 000 0 eng u |
| 035 ## - SYSTEM CONTROL NUMBER | |
| System control number | (Sirsi) u111873 |
| 245 ## - TITLE STATEMENT | |
| Title | Westside Nominees v Bolton MBC |
| 260 ## - PUBLICATION, DISTRIBUTION, ETC. | |
| Date of publication, distribution, etc. | 2001 |
| 490 ## - SERIES STATEMENT | |
| Series statement | Property, Planning and Compensation Reports |
| Volume/sequential designation | [2001] 81 P&CR 130-143(14) |
| 520 ## - SUMMARY, ETC. | |
| Summary, etc. | QBD 3 February 2000. Landlord and Tenant-Lease and underlease of premises for 125 years. Rent review every 14 years. Formula based on fair rack rental i.e, best rent reasonably obtainable whether premises let as ahole or in parts. Property let in parts. Rent review date. Assumptions to be made in determining hypothetical rent, Length of hypothetical lease. (Taken from headnote) |
| 650 ## - SUBJECT ADDED ENTRY--TOPICAL TERM | |
| Topical term or geographic name entry element | WESTSIDE NOMINEES V BOLTON METROPOLITAN BC |
| 650 ## - SUBJECT ADDED ENTRY--TOPICAL TERM | |
| Topical term or geographic name entry element | RENT REVIEWS |
| 650 ## - SUBJECT ADDED ENTRY--TOPICAL TERM | |
| Topical term or geographic name entry element | HYPOTHETICAL LEASES |
| 650 ## - SUBJECT ADDED ENTRY--TOPICAL TERM | |
| Topical term or geographic name entry element | FAIR RACK RENT |
| 690 ## - LOCAL SUBJECT ADDED ENTRY--TOPICAL TERM (OCLC, RLIN) | |
| Topical term or geographic name as entry element | LANDLORD AND TENANT-RENT REVIEWS-CASE LAW |
| 942 ## - ADDED ENTRY ELEMENTS (KOHA) | |
| Suppress in OPAC | 0 |
| Withdrawn status | Lost status | Source of classification or shelving scheme | Damaged status | Not for loan | Home library | Current library | Shelving location | Date acquired | Total Checkouts | Full call number | Barcode | Date last seen | Copy number | Price effective from | Koha item type |
|---|---|---|---|---|---|---|---|---|---|---|---|---|---|---|---|
| Dewey Decimal Classification | London | London | Journal article | 05/04/2001 | X111873 | 111873-1001 | 06/08/2019 | 1 | 06/08/2019 | Law report |